000 00354nam a22001217a 4500
020 _a0821335197
082 _a332.1
_bBAN
_cD
245 _aBank restructuring lessons from the 1980s
_cSheng, Andrew
260 _aWashignton
_bThe world bank
_c1996
300 _avi, 183 p. :
_bill,
_c24 cm.
526 _a0
_b0
_c0
_d332_100000000000000_BAN
942 _2ddc
_cBK
999 _c541801
_d541801